[Event "Titled Tuesday intern op 25th Oct Early"]
[Site "Chess.com INT"]
[Date "2022.10.25"]
[Round "6"]
[White "Stanisz, Patryk"]
[Black "Goh, Zi Han"]
[Result "0-1"]
[WhiteElo "2169"]
[BlackElo "2126"]
[PlyCount "104"]
[EventDate "2022.10.25"]
[EventType "swiss (blitz)"]
[EventRounds "11"]
[EventCountry "USA"]
[SourceTitle "EXT 2024"]
[Source "ChessBase"]
[SourceDate "2023.10.10"]
[SourceVersion "1"]
[SourceVersionDate "2023.10.10"]
[SourceQuality "1"]

1. d4 d5 2. c4 c6 3. Nf3 Nf6 4. Nc3 e6 5. e3 Nbd7 6. Qc2 Bd6 7. g4 h6 8. Rg1 dxc4 9. Bxc4 b5 10. Bd3 Bb7 11. Nd2 a6 12. Nde4 Be7 13. g5 hxg5 14. Nxg5 Nd5 15. Nxe6 fxe6 16. Rxg7 Nf8 17. Bg6+ Nxg6 18. Qxg6+ Kd7 19. Ne4 Kc8 20. Qxe6+ Qd7 21. Qxd7+ Kxd7 22. Nc5+ Kc8 23. Nxb7 Kxb7 24. e4 Nb4 25. Rxe7+ Kb6 26. Ke2 Nc2 27. Rb1 Nxd4+ 28. Kf1 Rxh2 29. Rg7 c5 30. Bf4 Rh1+ 31. Rg1 Rxg1+ 32. Kxg1 Ne2+ 33. Kg2 Nxf4+ 34. Kf3 Ne6 35. Rd1 Nd4+ 36. Kg4 Rf8 37. f4 Kc6 38. f5 Re8 39. Kf4 Kd6 40. Rh1 Ne2+ 41. Kf3 Nd4+ 42. Kf4 Ke7 43. Rh7+ Kd8 44. Ra7 Ne2+ 45. Ke3 Nd4 46. Ra8+ Kd7 47. Rxa6 Nxf5+ 48. Kf4 Nd4 49. Ra7+ Kd6 50. Ra6+ Kd7 51. Ra7+ Kc6 52. Rb7 Kxb7 0-1

[Event "Forni di Sopra op 13th"]
[Site "Forni di Sopra"]
[Date "2022.06.17"]
[Round "7"]
[White "Goh, Zi Han"]
[Black "Karttunen, Mika"]
[Result "0-1"]
[WhiteElo "2113"]
[BlackElo "2492"]
[PlyCount "116"]
[EventDate "2022.06.12"]
[EventType "swiss"]
[EventRounds "9"]
[EventCountry "ITA"]
[SourceTitle "EXT 2023"]
[Source "ChessBase"]
[SourceDate "2022.10.05"]
[SourceVersion "1"]
[SourceVersionDate "2022.10.05"]
[SourceQuality "1"]

1. d4 Nf6 2. c4 e6 3. Nf3 d5 4. g3 Bb4+ 5. Bd2 Bd6 6. Bg2 0-0 7. 0-0 c6 8. Nc3 Ne4 9. Nxe4 dxe4 10. Ne1 f5 11. f3 e5 12. Bc3 exd4 13. Qxd4 Qe7 14. Kh1 Bc5 15. Qd2 f4 16. fxe4 Be3 17. Qc2 Be6 18. Nd3 fxg3 19. Rxf8+ Qxf8 20. Rf1 Qe7 21. Rf3 Qh4 22. Rxg3 Bh6 23. Nc5 Bf7 24. Qd3 Na6 25. Qd4 Bg6 26. Nxa6 Rd8 27. Qg1 bxa6 28. Rd3 Rf8 29. Qd4 Qg4 30. Bf3 Qh3 31. Qg1 Bf4 32. Qg2 Qe6 33. b3 Bc7 34. Qg5 h6 35. Qg2 Rf4 36. Kg1 Rh4 37. h3 h5 38. Qf2 Qxh3 39. Qd4 Bh2+ 40. Kf2 Qg3+ 41. Kf1 Bf5 42. Qf2 Bh3+ 43. Ke1 Be6 44. e3 Qg5 45. Kd1 Bg3 46. Qg1 Rh2 47. Rd6 Bh3 48. Be1 h4 49. Rd2 Rxd2+ 50. Bxd2 Bg4 51. Qg2 Bxf3+ 52. Qxf3 h3 53. Ke2 h2 54. Bb4 Qf6 55. Qh5 Qf2+ 56. Kd3 Qf1+ 57. Kd4 h1Q 58. Qe8+ Kh7 0-1

[Event "Forni di Sopra op 13th"]
[Site "Forni di Sopra"]
[Date "2022.06.15"]
[Round "5"]
[White "Bellia, Fabrizio"]
[Black "Goh, Zi Han"]
[Result "1-0"]
[WhiteElo "2418"]
[BlackElo "2113"]
[PlyCount "189"]
[EventDate "2022.06.12"]
[EventType "swiss"]
[EventRounds "9"]
[EventCountry "ITA"]
[SourceTitle "EXT 2023"]
[Source "ChessBase"]
[SourceDate "2022.10.05"]
[SourceVersion "1"]
[SourceVersionDate "2022.10.05"]
[SourceQuality "1"]

1. e4 c5 2. Nf3 d6 3. Bb5+ Bd7 4. Bxd7+ Qxd7 5. 0-0 g6 6. c3 Nf6 7. Re1 Bg7 8. d4 cxd4 9. cxd4 d5 10. Ne5 Qc8 11. exd5 Nxd5 12. Qf3 Nf6 13. Bg5 0-0 14. Nd2 Nc6 15. Nb3 Nb4 16. a3 Nbd5 17. Bxf6 Nxf6 18. Rac1 Qf5 19. Qxf5 gxf5 20. Na5 Bh6 21. Rc2 Rac8 22. Ree2 Rfd8 23. Nxb7 Rxc2 24. Rxc2 Rxd4 25. g3 f4 26. Kg2 fxg3 27. hxg3 Nd5 28. Nc6 Rd2 29. Rxd2 Bxd2 30. b4 Bc1 31. a4 Kf8 32. a5 Ke8 33. b5 Kd7 34. Nc5+ Kd6 35. Nb3 Ba3 36. Nxa7 Kc7 37. b6+ Kb7 38. Nb5 Bb4 39. N5d4 e5 40. Nf5 e4 41. Kf1 Ka6 42. Ke2 Kb7 43. g4 Nc3+ 44. Kf1 Nd5 45. Ne3 Nf4 46. Nc4 h5 47. gxh5 Nxh5 48. Ne5 Nf4 49. Nxf7 Bxa5 50. Nxa5+ Kxb6 51. Nc4+ Ka7 52. Nfe5 Nh3 53. Ne3 Kb6 54. Kg2 Nxf2 55. Kxf2 Kc5 56. Ke2 Kd6 57. N5g4 Kc5 58. Kd2 Kd4 59. Kc2 Kc5 60. Kc3 Kc6 61. Kc4 Kd6 62. Kd4 Ke6 63. Kc5 Ke7 64. Kd5 Kd7 65. Nf6+ Ke7 66. Ke5 Kf7 67. Nfd5 Kg6 68. Kf4 Kh5 69. Ne7 Kh4 70. Ng6+ Kh3 71. Ne5 Kh4 72. N5g4 Kh3 73. Nf2+ Kh4 74. Nh1 Kh3 75. Ng3 Kh4 76. Ne2 Kh5 77. Kf5 Kh6 78. Nf4 Kg7 79. Ke6 Kf8 80. Ng6+ Ke8 81. Ne5 Kf8 82. Kd7 Kg7 83. Ke7 Kh6 84. Kf6 Kh5 85. Ng6 Kh6 86. Nf4 Kh7 87. Ne6 Kh6 88. Ng7 Kh7 89. Ngf5 Kg8 90. Ke7 Kh7 91. Kf7 Kh8 92. Ng4 e3 93. Nf6 e2 94. Nh4 e1N 95. Ng6# 1-0

[Event "Forni di Sopra op 13th"]
[Site "Forni di Sopra"]
[Date "2022.06.13"]
[Round "2"]
[White "Vezzosi, Paolo"]
[Black "Goh, Zi Han"]
[Result "1/2-1/2"]
[WhiteElo "2224"]
[BlackElo "2113"]
[PlyCount "86"]
[EventDate "2022.06.12"]
[EventType "swiss"]
[EventRounds "9"]
[EventCountry "ITA"]
[SourceTitle "EXT 2023"]
[Source "ChessBase"]
[SourceDate "2022.10.05"]
[SourceVersion "1"]
[SourceVersionDate "2022.10.05"]
[SourceQuality "1"]

1. d4 d5 2. c4 c6 3. Nf3 Nf6 4. e3 e6 5. Bd3 Nbd7 6. b3 Be7 7. 0-0 0-0 8. Nbd2 dxc4 9. bxc4 c5 10. Qe2 cxd4 11. exd4 b6 12. Bb2 Bb7 13. Rfd1 Re8 14. Ne5 Qc7 15. Ndf3 Rad8 16. Nxf7 Bxf3 17. Qxe6 Bh5 18. Nxd8+ Kf8 19. Re1 Qxd8 20. Re3 Qc7 21. Qh3 Bd6 22. Rxe8+ Bxe8 23. Re1 Bf7 24. Bxh7 Qxc4 25. Bf5 Qb5 26. Ba3 Bxa3 27. Qxa3+ Kg8 28. Bxd7 Qxd7 29. Qb2 Nd5 30. a3 a5 31. h3 Qd6 32. Rc1 Nf4 33. Rc3 Qxd4 34. Rc8+ Kh7 35. Qxd4 Ne2+ 36. Kf1 Nxd4 37. Ke1 b5 38. Kd2 b4 39. axb4 axb4 40. Rb8 b3 41. f4 Nf5 42. g4 Nd6 43. f5 Bd5 1/2-1/2